书目信息 |
| 题名: |
非线性方程组的数值解法
|
|
| 作者: | 李庆扬 著 | |
| 分册: | ||
| 出版信息: | 北京 科学出版社 1987.10 |
|
| 页数: | 286页 | |
| 开本: | 32开 | |
| 丛书名: | ||
| 单 册: | ||
| 中图分类: | O241.7 | |
| 科图分类: | ||
| 主题词: | 计算数学 | |
| 电子资源: | ||
| ISBN: | 7-03-002846-5 | |
| 000 | 00571nam0 2200193 45 | |
| 001 | 0009041784 | |
| 005 | 20000904180034.8 | |
| 010 | @a7-03-002846-5@d17.00元 | |
| 100 | @a20000904d1987 km y0chiy0120 ea | |
| 101 | 0 | @achi |
| 105 | @a z 000yy | |
| 200 | 1 | @a非线性方程组的数值解法@AFei Xian Xing Fang Cheng Zu De Shu Zhi Jie Fa@f李庆扬等著@FLi Qing Yang Deng Zhu |
| 210 | @a北京@c科学出版社@d1987.10 | |
| 215 | @a286页@d32开 | |
| 606 | 0 | @a计算数学 |
| 690 | @aO241.7@v3 | |
| 701 | 0 | @a李庆扬@4著 |
| 801 | @aCN@bPftUser@c20000904 | |
| 905 | @b119580-581@dO241.7@eL922@f2 | |
| 非线性方程组的数值解法/李庆扬等著.-北京:科学出版社,1987.10 |
| 286页;32开 |
| ISBN 7-03-002846-5:17.00元 |
| ● |
| 相关链接 |
|
|
|
正题名:非线性方程组的数值解法
索取号:O241.7/L922
 
预约/预借
| 序号 | 登录号 | 条形码 | 馆藏地/架位号 | 状态 | 备注 |
| 1 | 119580 | 201195802 | 自科库401/401自科库 49排5列3层/ [索取号:O241.7/L922] | 在馆 | |
| 2 | 119581 | 201195811 | 自科库401/401自科库 49排5列3层/ [索取号:O241.7/L922] | 在馆 |